The tariff and the export trade of the United States. (Record no. 18421)

MARC details
000 -LEADER
fixed length control field 00776cam a22002291 4500
001 - CONTROL NUMBER
control field cd 17000185
003 - CONTROL NUMBER IDENTIFIER
control field DLC
005 - DATE AND TIME OF LATEST TRANSACTION
control field 20260227111145.0
008 - FIXED-LENGTH DATA ELEMENTS--GENERAL INFORMATION
fixed length control field 820504s1904 pau 000 0 eng
010 ## - LIBRARY OF CONGRESS CONTROL NUMBER
LC control number cd 17000185
035 ## - SYSTEM CONTROL NUMBER
System control number (OCoLC)8395068
040 ## - CATALOGING SOURCE
Original cataloging agency DLC
Transcribing agency OClW
Modifying agency OClW
-- OCoLC
-- DLC
042 ## - AUTHENTICATION CODE
Authentication code premarc
050 00 - LIBRARY OF CONGRESS CALL NUMBER
Classification number H1
Item number .A4 vol. 23, no. 1
100 1# - MAIN ENTRY--PERSONAL NAME
Personal name North, S. N. D.
Fuller form of name (Simon Newton Dexter),
Dates associated with a name 1849-1924.
245 14 - TITLE STATEMENT
Title The tariff and the export trade of the United States.
260 ## - PUBLICATION, DISTRIBUTION, ETC.
Place of publication, distribution, etc. [Philadelphia,
Name of publisher, distributor, etc. American Academy of Political and Social Science,
Date of publication, distribution, etc. 1904]
300 ## - PHYSICAL DESCRIPTION
Extent 11 p.
Dimensions 24 cm.
440 #0 - SERIES STATEMENT/ADDED ENTRY--TITLE
Title Annals of the American Academy of Political and Social Science,
Volume/sequential designation v. 23, no. 1
650 #0 - SUBJECT ADDED ENTRY--TOPICAL TERM
Topical term or geographic name entry element Tariff
Geographic subdivision United States.
651 #0 - SUBJECT ADDED ENTRY--GEOGRAPHIC NAME
Geographic name United States
General subdivision Commerce.

No items available.

Powered by Koha